| 000 | 00646cam a22002293a 4500 | ||
|---|---|---|---|
| 001 | 17850 | ||
| 003 | PGUSA | ||
| 005 | 20140828083359.0 | ||
| 008 | 060224s2006||||xxu|||||s|||||000 1 eng d | ||
| 040 |
_aPGUSA _beng |
||
| 042 | _adc | ||
| 050 | 4 | _aPQ | |
| 100 | 1 | _aMulazzi, Virginia | |
| 245 | 1 | 0 |
_aLa pergamena distrutta : _bRomanzo del secolo XVI _h[electronic resource] / _cVirginia Mulazzi |
| 260 |
_bProject Gutenberg, _c2006 |
||
| 506 | _aPublic domain in the USA. | ||
| 516 | _aElectronic text | ||
| 653 | _aHistorical fiction | ||
| 830 | 0 |
_aProject Gutenberg _v17850 |
|
| 856 | 4 | 0 | _uhttp://www.gutenberg.org/ebooks/17850 |
| 942 | _cEB | ||
| 999 |
_c247105 _d247105 |
||